Facility management - nový fenomén?

História vzniku pojmu facility management. Ciele, činnosť a efekty facility managementu. Definícia podľa medzinárodnej organizácie International Facility Management Association.

Saved in:
Bibliographic Details
Main Author: Somorová, Viera
Format: Book Chapter
Language:Slovak
Subjects:
Tags: Add Tag
No Tags, Be the first to tag this record!

MARC

LEADER 00000naa$a2200000$$$4500
001 0023406
005 20230511073554.8
041 0 |a slo 
044 |a SK 
245 1 0 |a Facility management - nový fenomén?  |c Viera Somorová 
520 |a História vzniku pojmu facility management. Ciele, činnosť a efekty facility managementu. Definícia podľa medzinárodnej organizácie International Facility Management Association. 
610 2 0 |a procesy pomocné a obslužné 
610 2 0 |a facility management 
610 2 0 |a pojmy 
610 2 0 |a náklady prevádzkové 
610 2 0 |a proces investičný 
610 2 0 |a projekty investičné 
610 2 0 |a služby 
100 1 |a Somorová, Viera